| 000 | 00638nam a2200229 4500 | ||
|---|---|---|---|
| 003 | OSt | ||
| 005 | 20260601171003.0 | ||
| 008 | 260417b1976\\\\xxua||||\||||\00|\0\spa\d | ||
| 040 |
_aICI _bspa _cICI |
||
| 050 |
_aNA9050 _bA534 |
||
| 100 | 1 | _a Alexander, Christopher, | |
| 245 | 1 | _aLa estructura del medio ambiente. | |
| 264 |
_bFutura, _c1976 _aMéxico : |
||
| 300 | _a133 páginas | ||
| 336 |
_atexto _2rdacontent |
||
| 337 |
_asin medio _2rdamedia |
||
| 338 |
_avolumen _2rdacarrier |
||
| 650 | 4 |
_aUrbanismo _9788 |
|
| 650 | 4 |
_aAnálisis de sistemas _931823 |
|
| 650 | 4 |
_aArquitectura _xProcesamiento de datos _931824 |
|
| 942 |
_2lcc _cB |
||
| 999 |
_c20174 _d20174 |
||